| 000 | 00843nam a22002297a 4500 | ||
|---|---|---|---|
| 999 |
_c17902 _d17902 |
||
| 003 | AR-CdUCM | ||
| 008 | 190510b ||||| |||| 00| 0 spa d | ||
| 040 |
_aMUNICIPALIDAD PROVINCIAL DEL CUSCO _cBIBLIOTECA MUNICIPAL DEL CUSCO |
||
| 082 |
_a371.1 / _bW68 |
||
| 100 |
_aWhitehead, Alfred _938135 |
||
| 245 | _aLos fines de la educación y otros ensayos / | ||
| 260 |
_aBuenos Aires : _bPaidos, _c1957. |
||
| 300 |
_a234 páginas ; _c20 cm. |
||
| 440 |
_aBiblioteca del hombre peruano _nVol. 8 _938136 |
||
| 505 | _aContenido : Ritmo de la educación -- Universidades y su funcion -- Educacion tecnica y sus relaciones con la ciencia y la literatura... | ||
| 650 |
_aEducación _9460 |
||
| 650 |
_aRitmos de la educación _938137 |
||
| 650 |
_aUniversidades _92151 |
||
| 700 |
_aMantovani, Juan _9125 |
||
| 942 |
_2ddc _cLIBROS |
||
| 945 | _arcc | ||